Elements of natural philosophy (Record no. 552318)
[ view plain ]
| 000 -LEADER | |
|---|---|
| fixed length control field | 00620cam a2200181Ka 4500 |
| 082 ## - DEWEY DECIMAL CLASSIFICATION NUMBER | |
| Classification number | 113 |
| Author Mark | THO |
| 100 1# - MAIN ENTRY--PERSONAL NAME | |
| Personal name | Kelvin, William Thomson, |
| 9 (RLIN) | 49542 |
| 245 10 - TITLE STATEMENT | |
| Title | Elements of natural philosophy |
| Statement of responsibility, etc. | by Lord Kelvin and Peter Guthrie Tait. |
| 260 ## - PUBLICATION, DISTRIBUTION, ETC. | |
| Place of publication, distribution, etc. | Cambridge : |
| Name of publisher, distributor, etc. | University Press, |
| Date of publication, distribution, etc. | 1879. |
| 300 ## - PHYSICAL DESCRIPTION | |
| Extent | 1 online resource (vi, 295 p.) : |
| Other physical details | ill. |
| 500 ## - GENERAL NOTE | |
| General note | Includes index. |
| 526 ## - STUDY PROGRAM INFORMATION NOTE | |
| Program name | 0 |
| Interest level | 0 |
| Reading level | 0 |
| Title point value | 113_000000000000000_THO |
| 650 #0 - SUBJECT ADDED ENTRY--TOPICAL TERM | |
| Topical term or geographic name entry element | MCE |
| 9 (RLIN) | 379 |
| 650 #0 - SUBJECT ADDED ENTRY--TOPICAL TERM | |
| Topical term or geographic name entry element | Mechanics, Analytic. |
| 9 (RLIN) | 39816 |
| 700 1# - ADDED ENTRY--PERSONAL NAME | |
| Personal name | Tait, Peter Guthrie, |
| 9 (RLIN) | 49543 |
| 856 40 - ELECTRONIC LOCATION AND ACCESS | |
| Uniform Resource Identifier | <a href="http://catalog.hathitrust.org/api/volumes/oclc/7726202.html">http://catalog.hathitrust.org/api/volumes/oclc/7726202.html</a> |
| 942 ## - ADDED ENTRY ELEMENTS (KOHA) | |
| Source of classification or shelving scheme | |
| Koha item type | Book |
| Withdrawn status | Lost status | Source of classification or shelving scheme | Damaged status | Not for loan | Permanent Location | Current Location | Shelving location | Date acquired | Total Checkouts | Full call number | Barcode | Date last seen | Price effective from | Koha item type |
|---|---|---|---|---|---|---|---|---|---|---|---|---|---|---|
| Military College of Engineering (MCE) | Military College of Engineering (MCE) | 01/14/2015 | 113 THO | MCE-ECE.58 | 01/14/2015 | 01/14/2015 | Book |
